zpět

Detail výsledku týmu

Pivnice U Badinů, Brno

Datum a čas kvízu

19.5 Celkem bodů Celkový počet nahraných bodů na tomto kvízu bez doplňovacích otázek.
2. Pořadí na kvízu Konečné umístění týmu na tomto kvízu.

Zaznamenané odpovědi

# Otázka Odpověď Body Výsledky
1. Novým generálním ředitelem Čes... Václav Nebeský 1
2. Ruská poslankyně Natalja Poklo... na Krym 0
3. Slavnostní otevření nové libeň... Kabát 1
4. V pondělí jsme se dozvěděli, ž... Thomas Cook 1
5. V MOL Cupu se stala dosud neví... Jakub Štáfek 1
6. V tomto tématu se podíváme na... Vyšehrad, Blaník 0.5
7. Moderátorka a zpěvačka Emma Sm... Karel Oliva 1
8. Celá rostlina pampelišky, tedy... latex 0
9. Po Bedřichu Smetanovi byl pojm... Merkur 0
10. Futuretro, Biorytmy, Kluci kde... Tata Bojs 0